000 00556nam a2200169 a 4500
001 000035817
005 20200930074633.0
008 111114s1989 mx 000 0 spa d
020 _a9684391808
040 _aDO-SdBNP
_bspa
_cBNPHU
100 1 _aHuacuja, Mario
_d1950-
_961776
245 1 3 _aLa resurrección de la Santa María /
_cMario Huacuja.
260 _aMéxico :
_bAguilar León y Cal Editores,
_c1989.
_fEditora Melo
300 _a115 p. ;
_c23 cm.
590 _aPerteneció a la biblioteca personal de Juan Isidro Jimenes Grullón.
049 _aBNPD
999 _c35308
_d35308